Normal view
MARC view
Entry Personal Name
001 - CONTROL NUMBER
- control field: 374591
003 - CONTROL NUMBER IDENTIFIER
- control field:
005 - DATE AND TIME OF LATEST TRANSACTION
- control field: 20210602113044.0
008 - FIXED-LENGTH DATA ELEMENTS
- fixed length control field: 210602|| aca||aabn | a|a d
040 ## - CATALOGING SOURCE
- Original cataloging agency:
- Transcribing agency:
100 ## - HEADING--PERSONAL NAME
- Personal name: Verhaeren, Emile,
- Dates associated with a name: 1855-1916
- General subdivision: Criticism and interpretation
670 ## - SOURCE DATA FOUND
- Source citation: Work cat.: (): Jones, P. Mansell, 1889-1968 374590, Verhaeren /, 1957
